| 000 | 00762nam a22001937a 4500 | ||
|---|---|---|---|
| 999 |
_c58132 _d58132 |
||
| 005 | 20210624121447.0 | ||
| 008 | 210623r2020 ge ||||| |||| 00| 0 geo d | ||
| 022 | _a2667-9124 | ||
| 041 | _ageo | ||
| 245 |
_aორბელიანი = Orbeliani / _cსულხან-საბა ორბელიანის უნივერსიტეტი; მთ. რედ. პროფ. ვაჟა ვარდიძე |
||
| 260 |
_aთბილისი, _c2020. |
||
| 300 | _aV. | ||
| 653 | _aთეოლოგია | ||
| 653 | _aრელიგია | ||
| 653 | _aპოლიტიკა | ||
| 653 | _aეთიკა | ||
| 700 |
_aვარდიძე, ვაჟა _eმთავარი რედაქტორი _912111 |
||
| 942 |
_2udc _cCR |
||